Mathematics in remote sensing : (Record no. 145755)

MARC details
000 -LEADER
fixed length control field 01016nam a2200241 a 4500
008 - FIXED-LENGTH DATA ELEMENTS--GENERAL INFORMATION
fixed length control field
020 ## - INTERNATIONAL STANDARD BOOK NUMBER
International Standard Book Number 0198536186
049 ## - LOCAL HOLDINGS (OCLC)
Holding library MAIN
090 00 - LOCALLY ASSIGNED LC-TYPE CALL NUMBER (OCLC); LOCAL CALL NUMBER (RLIN)
Classification number (OCLC) (R) ; Classification number, CALL (RLIN) (NR) G70.4
003 - CONTROL NUMBER IDENTIFIER
control field
005 - DATE AND TIME OF LATEST TRANSACTION
control field 20230123133255.0
040 ## - CATALOGING SOURCE
Transcribing agency NUST
111 20 - MAIN ENTRY--MEETING NAME
Meeting name or jurisdiction name as entry element Conference on Mathematics and Its Applications in Remote Sensing
Date of meeting or treaty signing (1986 :
Location of meeting Danbury, England)
245 10 - TITLE STATEMENT
Title Mathematics in remote sensing :
Remainder of title based on the proceedings of a Conference ... on Mathematics and Its Application in Remote Sensing held at Danbury, Essex in May 1986 /
Statement of responsibility, etc. edited by S.R. Brooks.
260 0# - PUBLICATION, DISTRIBUTION, ETC.
Place of publication, distribution, etc. Oxford :
Name of publisher, distributor, etc. Clarendon Press ;
Place of publication, distribution, etc. New York :
Name of publisher, distributor, etc. Oxford University Press,
Date of publication, distribution, etc. 1989.
300 ## - PHYSICAL DESCRIPTION
Extent xi, 399 p. :
Other physical details ill. ;
Dimensions 25 cm.
490 1# - SERIES STATEMENT
Series statement Institute of Mathematics and Its Applications conference series ;
Volume/sequential designation new ser., 21.
504 ## - BIBLIOGRAPHY, ETC. NOTE
Bibliography, etc. note Includes bibliographical references.
650 #0 - SUBJECT ADDED ENTRY--TOPICAL TERM
Topical term or geographic name entry element Remote sensing
General subdivision Mathematics
-- Congresses.
700 10 - ADDED ENTRY--PERSONAL NAME
Personal name Brooks, S. R.
907 ## - LOCAL DATA ELEMENT G, LDG (RLIN)
a .b10076852
b 16-06-03
c 12-06-03
942 ## - ADDED ENTRY ELEMENTS (KOHA)
Koha item type Ordinary Loan Books
Call number prefix G70.4
Holdings
Date last seen Total Checkouts Full call number Barcode Cost, replacement price Price effective from Koha item type Lost status Source of classification or shelving scheme Damaged status Not for loan Collection Withdrawn status Home library Current library Shelving location Date acquired Cost, normal purchase price
01/23/2023   G70.4 MAT 92003000935 80.00 01/23/2023 BOOKS   LCC     NFIC   MAIN MAIN GEN 01/23/2023 80.00